Alice in Wonderland [

Bibliographic Details
Main Author: Carroll, Lewis
Format: Book
Published: Malaysia : Video Dynamic , 1991
Subjects:

MARC

LEADER 00000cam a2200000 7i4500
001 0000000380
002 000000456
005 20021002.0
020 |a 000000456 
090 0 0 |a JF   |b ALI 
100 1 |a Carroll, Lewis 
245 1 0 |a Alice in Wonderland [  |h video recording]   |c Lewis Carroll 
260 |a Malaysia :   |b Video Dynamic ,   |c 1991 
300 |a 1 Video recording VHS (49 minutes) :   |b col.(PAL) 
500 |a Library has 1 copy 
650 0 0 |a Cartoon and carricatures 
999 |a PV0102   |b VIDEO   |c JUNIOR REFERENCE   |e PERPUSTAKAAN KOMUNITI PETALING JAYA